banner-ar

تاريخ الفلسفة الحديثة / (Record no. 59049)

MARC details
000 -الفاتح
حقل البيانات ثابتة الطول 00646nam a2200217Ia 4500
008 - عناصر البيانات ثابتة الطول - معلومات عامة
حقل البيانات ثابتة الطول 140319s9999 xx 000 0 ara d
040 ## - مصدر الفهرسة
وكالة الفهرسة الأصلية GCL /
وكالة النسخ GCL
082 04 - رقم تصنيف ديوى العشرى
رقم التصنيف 190
رقم المادة ى ت
100 1# - المدخل الرئيسى - إسم شخصى
الإسم الشخصى يوسف كرم
245 10 - بيان العنوان
العنوان تاريخ الفلسفة الحديثة /
بيان المسئوليه,etc يوسف كرم
250 ## - بيان الطبعة
بيان الطبعة الخامسة
300 ## - الوصف المادى
التعداد 478 ص ؛
أبعاد الوعاء 24سم
490 ## - بيان السلسلة
عنوان السلسلة مكتبة الدراسات الفلسفية
رقم المجلد/ التعيين التسلسلي 0
650 04 - المدخل الاضافى بالموضوع-مصطلح موضوعى
مصطلح موضوعي الفلسفة
650 04 - المدخل الاضافى بالموضوع-مصطلح موضوعى
مصطلح موضوعي الفلسفة الحديثة
650 04 - المدخل الاضافى بالموضوع-مصطلح موضوعى
مصطلح موضوعي الفلاسفة
650 04 - المدخل الاضافى بالموضوع-مصطلح موضوعى
مصطلح موضوعي الفلسفة الغربية
942 ## - عناصر المدخل الإضافي( كوها)
مصدر التصنيف او مخطط الترفيف Dewey Decimal Classification
Koha [default] item type كتاب
260 ## - PUBLICATION, DISTRIBUTION, ETC. (IMPRINT)
-- [S.N] :
-- دار المعارف
Holdings
حالة التراجع حالة الفقد حالة تلف ليس للاعارة المكان المؤقت الموقع الحالى تاريخ الاكتساب اجمالي اﻻعارات رقم الطلب الباركود تاريخ اخر مشاهدة تاريخ تفعيل السعر نوع وعاء كوها
        مكتبة القاهرة الكبرى مكتبة القاهرة الكبرى 03/26/2014   190\ى ت 153171 03/26/2014 03/26/2014 كتاب
        مكتبة القاهرة الكبرى مكتبة القاهرة الكبرى 03/26/2014   190\ى ت 153172 03/26/2014 03/26/2014 كتاب

Powered By

EGPV